Datum a čas kvízu

29 Celkem bodů Celkový počet nahraných bodů na tomto kvízu bez doplňovacích otázek.
4. Pořadí na kvízu Konečné umístění týmu na tomto kvízu.

Zaznamenané odpovědi

# Otázka Odpověď Body Výsledky
1. Jak se jmenuje 59letý bývalý s... Dominik Hašek 0
2. Ve středu byl zveřejněn žebříč... Finsko 1
3. Jak se nazývá známé pražské di... Ypsilon 0
4. Týmu lékařů z nemocnice v amer... o ledvině 0
5. V pondělí byla představena kol... z (křišťálového) skla 1
6. Toto literární téma vyhrálo mi... Malý princ 1
7. Děj knihy se odehrává během tř... Kdo chytá v žitě, J. D. Salinger 0
8. Přiřaďte klasická díla ruské l... 1D 2A 3C 4B 0
9. Mezi nejčtenější knihy světa s... A 1
10. Na závěr se zaměříme na novějš... Dívka ve vlaku 0